000 00665cam a2200253 4500
008 090401t1993 xxu||||| |||| 00| 0 eng d
020 _a0420479600
035 _a(Sirsi) u24544
041 _aeng
050 _a346.41043
100 _aMegarry, Robert
_cSir
245 2 _aA manual of the law of real property.
250 _a7th ed.
260 _aLondon
_bSweet & Maxwell
_c1993
300 _alxvi,579p. ; 24cm.
350 _a27.5
520 _aCover title: Megarry`s Manual of the Law of Real Property.
650 _aREAL PROPERTY
650 _aSETTLED LAND ACTS
690 _aLAND
700 _aThompson, M.P.
942 _n0
948 _c04/03/1997
999 _c88563
_d88563